[Event "WC-2014-S-00003"]
[Site "LSS email"]
[Date "2014.01.13"]
[Round "?"]
[White "Istomin, Sergei"]
[Black "Szczepankiewicz, Dariusz"]
[Result "1/2-1/2"]
[WhiteElo "2293"]
[BlackElo "2558"]
[PlyCount "41"]
[EventDate "2018.02.10"]
[EventType "tourn (corr)"]
[EventRounds "12"]
[EventCountry "GER"]
[SourceTitle "Corr 2022"]
[Source "ChessBase"]
[SourceDate "2021.10.24"]
[SourceVersion "1"]
[SourceVersionDate "2021.10.24"]
[SourceQuality "1"]

1. d4 Nf6 2. c4 g6 3. Nc3 d5 4. cxd5 Nxd5 5. e4 Nxc3 6. bxc3 Bg7 7. Nf3 c5 8. Be3 Qa5 9. Qd2 Nc6 10. Rc1 cxd4 11. cxd4 Qxd2+ 12. Kxd2 0-0 13. Bb5 f5 14. exf5 Bxf5 15. Rc5 Rab8 16. Bf4 Rbc8 17. Bxc6 Rxc6 18. Rxc6 bxc6 19. Ke3 Be6 20. Ne5 Bxe5 21. Bxe5 1/2-1/2

[Event "CP-2011-Q-00010"]
[Site "LSS email"]
[Date "2013.01.14"]
[Round "?"]
[White "Istomin, Sergei"]
[Black "Moskalenko, Eduard"]
[Result "1/2-1/2"]
[WhiteElo "2221"]
[BlackElo "2097"]
[PlyCount "45"]
[EventDate "2013.01.20"]
[EventType "tourn (corr)"]
[EventRounds "8"]
[EventCountry "GER"]
[SourceTitle "Telechess CBM 163"]
[Source "ChessBase"]
[SourceDate "2014.11.11"]
[SourceVersion "2"]
[SourceVersionDate "2014.11.11"]
[SourceQuality "1"]

1. f4 d5 2. Nf3 g6 3. e3 Bg7 4. d4 Nf6 5. Bd3 0-0 6. 0-0 c5 7. c3 Qb6 8. Nbd2 Bf5 9. Bxf5 gxf5 10. a3 Nbd7 11. Ne5 Rfd8 12. Rf3 Nf8 13. Rh3 Ng6 14. Nd3 c4 15. Nf2 e6 16. g4 fxg4 17. Nxg4 Ne4 18. Nxe4 dxe4 19. Ne5 Bxe5 20. fxe5 Nxe5 21. Qh5 Nf3+ 22. Kf2 Qb3 23. Qh6 1/2-1/2

[Event "CP-2011-Q-00010"]
[Site "LSS email"]
[Date "2013.01.14"]
[Round "?"]
[White "Istomin, Sergei"]
[Black "Nowak, Ireneusz"]
[Result "1/2-1/2"]
[WhiteElo "2221"]
[BlackElo "2089"]
[PlyCount "76"]
[EventDate "2013.01.20"]
[EventType "tourn (corr)"]
[EventRounds "8"]
[EventCountry "GER"]
[SourceTitle "Telechess CBM 163"]
[Source "ChessBase"]
[SourceDate "2014.11.11"]
[SourceVersion "2"]
[SourceVersionDate "2014.11.11"]
[SourceQuality "1"]

1. f4 d5 2. Nf3 Nf6 3. e3 Bg4 4. Be2 Nbd7 5. Ne5 Bxe2 6. Qxe2 e6 7. 0-0 Bd6 8. d4 0-0 9. Nd2 c5 10. c3 Rc8 11. g4 Ne8 12. Ndf3 Ndf6 13. Bd2 Ne4 14. Be1 c4 15. g5 Be7 16. Ng4 N8d6 17. Nd2 Nxd2 18. Qxd2 f6 19. gxf6 Bxf6 20. Qg2 Ne4 21. Nf2 Nxf2 22. Bxf2 Rc6 23. Rae1 Ra6 24. a3 Rb6 25. Bg3 Qd7 26. e4 dxe4 27. Rxe4 Qb5 28. Re2 Qf5 29. Bf2 Rc6 30. Rfe1 Rd8 31. h3 Rd5 32. Qg4 Kf7 33. Be3 Rb5 34. Bc1 Ra6 35. Kh2 Rab6 36. Qg3 g6 37. Rf1 Rc6 38. Rff2 Rbb6 1/2-1/2

[Event "CP-2012-P-00013"]
[Site "LSS email"]
[Date "2012.10.01"]
[Round "?"]
[White "Keevil, Paul"]
[Black "Istomin, Sergei"]
[Result "1/2-1/2"]
[WhiteElo "2136"]
[BlackElo "2223"]
[PlyCount "64"]
[EventDate "2012.10.05"]
[EventType "tourn (corr)"]
[EventRounds "6"]
[EventCountry "GER"]
[SourceTitle "Telechess CBM 159"]
[Source "ChessBase"]
[SourceDate "2014.03.17"]
[SourceVersion "1"]
[SourceVersionDate "2014.03.17"]
[SourceQuality "1"]

1. d4 Nf6 2. c4 g6 3. Nf3 Bg7 4. Nc3 0-0 5. e4 d6 6. h3 e5 7. d5 a5 8. Bd3 Na6 9. 0-0 Nc5 10. Bc2 Nh5 11. Bg5 Qe8 12. Re1 f5 13. Nb5 Qf7 14. exf5 Bxf5 15. Bxf5 gxf5 16. Be3 Ne4 17. Rc1 Ra6 18. Ng5 Nxg5 19. Bxg5 Qg6 20. Bd2 Rf7 21. c5 dxc5 22. Rxc5 c6 23. dxc6 Rxc6 24. Rxc6 bxc6 25. Na3 e4 26. Nc4 Bd4 27. Be3 Rg7 28. g4 fxg4 29. Qxd4 gxh3+ 30. Kf1 h6 31. Qd8+ Kh7 32. Qh4 Qg4 1/2-1/2

[Event "WC-2012-F-00003"]
[Site "LSS email"]
[Date "2012.07.17"]
[Round "?"]
[White "Buczinski, Henryk"]
[Black "Istomin, Sergei"]
[Result "1/2-1/2"]
[WhiteElo "2255"]
[BlackElo "2216"]
[PlyCount "94"]
[EventDate "2012.07.23"]
[EventType "tourn (corr)"]
[EventRounds "10"]
[EventCountry "GER"]
[SourceTitle "Corr 2022"]
[Source "ChessBase"]
[SourceDate "2021.10.24"]
[SourceVersion "1"]
[SourceVersionDate "2021.10.24"]
[SourceQuality "1"]

1. e4 c5 2. Nf3 Nc6 3. Bb5 d6 4. 0-0 Bd7 5. c3 Nf6 6. Re1 a6 7. Bf1 e5 8. h3 Be7 9. d4 Qc7 10. Nbd2 cxd4 11. cxd4 exd4 12. Nb3 0-0 13. Nfxd4 d5 14. exd5 Nxd5 15. Qf3 Qd6 16. Nxc6 Bxc6 17. Nd4 Bf6 18. Nxc6 bxc6 19. Rb1 a5 20. Bd2 Rfb8 21. Qa3 Qxa3 22. bxa3 g6 23. Rxb8+ Rxb8 24. Bxa5 Ra8 25. Bd2 Bc3 26. Bxc3 Nxc3 27. Re7 Ra4 28. g3 Nxa2 29. Re3 Kg7 30. h4 h6 31. f3 f5 32. Kg2 Kf6 33. Rb3 Ke6 34. Kf2 g5 35. hxg5 hxg5 36. Bd3 Nc1 37. Bc2 Rc4 38. Re3+ Kf6 39. Bb1 Rc5 40. a4 Rc4 41. Ke1 Rxa4 42. Rc3 Na2 43. Rc5 Ke6 44. Kd2 Nb4 45. Rxf5 g4 46. fxg4 Ra3 47. Be4 Rxg3 1/2-1/2

[Event "WC-2012-F-00003"]
[Site "LSS email"]
[Date "2012.07.17"]
[Round "?"]
[White "Felicio, Clairton"]
[Black "Istomin, Sergei"]
[Result "1/2-1/2"]
[WhiteElo "2320"]
[BlackElo "2216"]
[PlyCount "67"]
[EventDate "2012.07.23"]
[EventType "tourn (corr)"]
[EventRounds "10"]
[EventCountry "GER"]
[SourceTitle "Corr 2022"]
[Source "ChessBase"]
[SourceDate "2021.10.24"]
[SourceVersion "1"]
[SourceVersionDate "2021.10.24"]
[SourceQuality "1"]

1. e4 c5 2. Nf3 Nc6 3. d4 cxd4 4. Nxd4 Nf6 5. Nc3 d6 6. Bg5 a6 7. Qd2 e6 8. 0-0-0 Bd7 9. f4 b5 10. Bxf6 gxf6 11. Kb1 Qb6 12. Nxc6 Bxc6 13. f5 h5 14. Qe1 b4 15. Nd5 Bxd5 16. exd5 e5 17. Bc4 Bh6 18. Qe2 Ke7 19. Rhe1 a5 20. Qf3 Rag8 21. g3 Qc5 22. Re4 Rg4 23. Rxg4 hxg4 24. Qxg4 a4 25. b3 axb3 26. cxb3 Qf2 27. Qe2 Be3 28. Qxf2 Bxf2 29. Rd2 Rxh2 30. a4 bxa3 31. Ka2 Bxg3 32. Rxh2 Bxh2 33. Bd3 Kd8 34. Kxa3 1/2-1/2

[Event "WC-2012-F-00003"]
[Site "LSS email"]
[Date "2012.07.17"]
[Round "?"]
[White "Istomin, Sergei"]
[Black "Canizares Cuadra, Pedro"]
[Result "1-0"]
[WhiteElo "2216"]
[BlackElo "2303"]
[PlyCount "133"]
[EventDate "2012.07.23"]
[EventType "tourn (corr)"]
[EventRounds "10"]
[EventCountry "GER"]
[SourceTitle "Corr 2022"]
[Source "ChessBase"]
[SourceDate "2021.10.24"]
[SourceVersion "1"]
[SourceVersionDate "2021.10.24"]
[SourceQuality "1"]

1. d4 Nf6 2. c4 e6 3. Nf3 d5 4. e3 c6 5. Bd3 Nbd7 6. 0-0 Bd6 7. Nc3 dxc4 8. Bxc4 0-0 9. Qc2 a6 10. Rd1 Qc7 11. Ne4 Nxe4 12. Qxe4 Rd8 13. Bd2 Nf8 14. Rac1 a5 15. a4 Kh8 16. h3 Bd7 17. Qc2 Be8 18. e4 h6 19. Be3 Bb4 20. Ne5 Bd6 21. Nd3 Rac8 22. f4 b6 23. Qf2 Qe7 24. e5 Bb8 25. g4 Nh7 26. Rc3 b5 27. Bb3 Ba7 28. Ra1 b4 29. Rc2 f6 30. Nc5 Nf8 31. Rac1 f5 32. Kh2 Bg6 33. Rd2 Rc7 34. Qg3 Bb6 35. g5 hxg5 36. Qxg5 Bf7 37. h4 Ra7 38. Rg2 Be8 39. Kg3 Qxg5+ 40. hxg5 Bxc5 41. Rxc5 Kh7 42. d5 cxd5 43. Rxd5 Rad7 44. Rxd7 Rxd7 45. Rd2 Rxd2 46. Bxd2 Kg8 47. Be3 Kf7 48. Bb6 Nd7 49. Ba7 Ke7 50. Kf3 Bf7 51. Ke3 g6 52. Kd4 Kd8 53. Bc5 Kc8 54. Bc4 Kb7 55. b3 Kc7 56. Bf1 Kb7 57. Bg2+ Kc7 58. Bd6+ Kb6 59. Kc4 Be8 60. Bf3 Bf7 61. Be7 Ka6 62. Bd8 Nb6+ 63. Kc5 Nd5 64. Be2+ Ka7 65. Bxa5 Nxf4 66. Bf1 Nd5 67. Bxb4 1-0

[Event "WC-2012-F-00003"]
[Site "LSS email"]
[Date "2012.07.17"]
[Round "?"]
[White "Istomin, Sergei"]
[Black "Kharitonov, Alexander"]
[Result "1/2-1/2"]
[WhiteElo "2216"]
[BlackElo "2224"]
[PlyCount "34"]
[EventDate "2012.07.23"]
[EventType "tourn (corr)"]
[EventRounds "10"]
[EventCountry "GER"]
[SourceTitle "Corr 2022"]
[Source "ChessBase"]
[SourceDate "2021.10.24"]
[SourceVersion "1"]
[SourceVersionDate "2021.10.24"]
[SourceQuality "1"]

1. d4 d5 2. c4 dxc4 3. Nf3 Nf6 4. e3 e6 5. Bxc4 a6 6. 0-0 c5 7. dxc5 Qxd1 8. Rxd1 Bxc5 9. Nbd2 Nbd7 10. Be2 b6 11. Nc4 Bb7 12. b3 0-0 13. Bb2 b5 14. Nce5 Nxe5 15. Nxe5 Rfd8 16. a4 Rxd1+ 17. Rxd1 Bd5 1/2-1/2

[Event "WC-2012-F-00003"]
[Site "LSS email"]
[Date "2012.07.17"]
[Round "?"]
[White "Roberts, Anthony"]
[Black "Istomin, Sergei"]
[Result "1-0"]
[WhiteElo "2308"]
[BlackElo "2216"]
[PlyCount "59"]
[EventDate "2012.07.23"]
[EventType "tourn (corr)"]
[EventRounds "10"]
[EventCountry "GER"]
[SourceTitle "Corr 2022"]
[Source "ChessBase"]
[SourceDate "2021.10.24"]
[SourceVersion "1"]
[SourceVersionDate "2021.10.24"]
[SourceQuality "1"]

1. e4 c5 2. Nf3 Nc6 3. d4 cxd4 4. Nxd4 Nf6 5. Nc3 d6 6. Bg5 e6 7. Qd2 a6 8. 0-0-0 h6 9. Be3 Qc7 10. f3 Be7 11. h4 Ne5 12. g4 b5 13. a3 Rb8 14. Kb1 Nfd7 15. g5 hxg5 16. Bxg5 Nf6 17. h5 Nc4 18. Qe1 Bb7 19. h6 gxh6 20. Rxh6 Rxh6 21. Bxh6 Nd7 22. Bxc4 Qxc4 23. Qg3 Nf8 24. Qg8 b4 25. Nce2 bxa3 26. b3 Qc7 27. Rg1 Rc8 28. c3 Qd7 29. Ka2 d5 30. Rg7 1-0

[Event "CP-2010-Q-00012"]
[Site "LSS email"]
[Date "2012.01.15"]
[Round "?"]
[White "Salzmann, Stefan"]
[Black "Istomin, Sergei"]
[Result "1/2-1/2"]
[WhiteElo "2047"]
[BlackElo "2214"]
[PlyCount "59"]
[EventDate "2012.01.20"]
[EventType "tourn (corr)"]
[EventRounds "6"]
[EventCountry "GER"]
[SourceTitle "Telechess CBM 159"]
[Source "ChessBase"]
[SourceDate "2014.03.17"]
[SourceVersion "1"]
[SourceVersionDate "2014.03.17"]
[SourceQuality "1"]

1. d4 Nf6 2. c4 g6 3. Nc3 Bg7 4. e4 0-0 5. Nf3 d6 6. Be2 e5 7. 0-0 Nc6 8. d5 Ne7 9. b4 Nh5 10. Re1 f5 11. Ng5 Nf4 12. Bxf4 exf4 13. Rc1 Bf6 14. Ne6 Bxe6 15. dxe6 Bxc3 16. Rxc3 fxe4 17. Bg4 h5 18. Bh3 e3 19. fxe3 fxe3 20. Rcxe3 c6 21. a3 d5 22. cxd5 cxd5 23. Qd4 Qb6 24. Qxb6 axb6 25. Rc1 Rac8 26. Rxc8 Rxc8 27. g4 hxg4 28. Bxg4 Kg7 29. Rf3 Rf8 30. Rxf8 1/2-1/2

[Event "RM-2011-0-00081"]
[Site "LSS email"]
[Date "2011.11.06"]
[Round "?"]
[White "Ramponelli, Roberto"]
[Black "Istomin, Sergei"]
[Result "1/2-1/2"]
[WhiteElo "2164"]
[BlackElo "2188"]
[PlyCount "47"]
[EventDate "2011.07.20"]
[EventType "tourn (corr)"]
[EventRounds "6"]
[EventCountry "GER"]
[SourceTitle "Telechess CBM 149"]
[Source "ChessBase"]
[SourceDate "2012.07.17"]
[SourceVersion "1"]
[SourceVersionDate "2012.07.17"]
[SourceQuality "1"]

1. d4 d5 2. c4 c6 3. Nf3 Nf6 4. cxd5 cxd5 5. Nc3 Nc6 6. Bf4 Nh5 7. Bd2 e6 8. e3 f5 9. Ne5 Nf6 10. Be2 Be7 11. 0-0 0-0 12. Nxc6 bxc6 13. Na4 Qc7 14. Rc1 Bd6 15. f4 a5 16. Qe1 Ba6 17. Bxa5 Qxa5 18. Qxa5 Bxe2 19. Qe1 Bxf1 20. Nb6 Bb5 21. Nxa8 Rxa8 22. a3 Ne4 23. g3 Kf7 24. Kg2 1/2-1/2

[Event "CP-2011-P-00045"]
[Site "LSS email"]
[Date "2011.09.30"]
[Round "?"]
[White "Hlavica, Bretislav"]
[Black "Istomin, Sergei"]
[Result "1/2-1/2"]
[WhiteElo "2057"]
[BlackElo "2192"]
[PlyCount "59"]
[EventDate "2011.10.01"]
[EventType "tourn (corr)"]
[EventRounds "6"]
[EventCountry "GER"]
[SourceTitle "Telechess CBM 165"]
[Source "ChessBase"]
[SourceDate "2015.03.11"]
[SourceVersion "1"]
[SourceVersionDate "2015.03.11"]
[SourceQuality "1"]

1. d4 Nf6 2. c4 g6 3. Nc3 Bg7 4. e4 0-0 5. Nf3 d6 6. Be2 e5 7. 0-0 Nc6 8. d5 Ne7 9. b4 Nh5 10. Re1 f5 11. Ng5 Nf6 12. Bf3 fxe4 13. Ncxe4 Nf5 14. Bb2 Nxe4 15. Nxe4 a5 16. b5 b6 17. Bg4 h5 18. Bh3 Bh6 19. a4 Qe7 20. Ra3 Bd7 21. Rf3 Rf7 22. Bc1 Bxc1 23. Qxc1 Raf8 24. Ng5 Rg7 25. Rd3 Qf6 26. Bxf5 gxf5 27. f4 h4 28. Rf3 Re8 29. Qd2 Ree7 30. Rfe3 1/2-1/2

[Event "WC-2014-S-00009"]
[Site "LSS email"]
[Date "2011.07.16"]
[Round "?"]
[White "Istomin, Sergei"]
[Black "Korchut, Adam"]
[Result "1-0"]
[WhiteElo "2191"]
[BlackElo "1773"]
[PlyCount "85"]
[EventDate "2011.07.22"]
[EventType "tourn (corr)"]
[EventRounds "6"]
[EventCountry "GER"]
[SourceTitle "Telechess CBM 153"]
[Source "ChessBase"]
[SourceDate "2013.03.14"]
[SourceVersion "1"]
[SourceVersionDate "2013.03.14"]
[SourceQuality "1"]

1. d4 d5 2. c4 dxc4 3. e3 e5 4. Bxc4 exd4 5. exd4 Bb4+ 6. Nc3 Nf6 7. Nf3 0-0 8. 0-0 Bg4 9. h3 Bh5 10. a3 Bd6 11. g4 Bg6 12. Ne5 Nfd7 13. f4 Nb6 14. Ba2 Bxe5 15. dxe5 Bd3 16. Re1 Qh4 17. Kg2 Nc6 18. Be3 Rad8 19. Bf2 Qe7 20. e6 f5 21. Qf3 fxg4 22. hxg4 Bc4 23. Bxc4 Nxc4 24. Nd5 Rxd5 25. Qxd5 Rxf4 26. Kg3 Rxf2 27. Kxf2 Qh4+ 28. Ke2 Qxg4+ 29. Kd3 Qg6+ 30. Kc3 Nb6 31. Qf3 Na4+ 32. Kd2 Qg5+ 33. Re3 Qd8+ 34. Rd3 Qg5+ 35. Kc2 Qc5+ 36. Kb1 Qe7 37. Qf7+ Qxf7 38. exf7+ Kxf7 39. Rd7+ Kf6 40. Ka2 Nc5 41. Rf1+ Kg6 42. Rxc7 h5 43. Rg1+ 1-0

[Event "BI-2010-F-00004"]
[Site "LSS email"]
[Date "2011.02.21"]
[Round "?"]
[White "Istomin, Sergei"]
[Black "Dorer, Manfred"]
[Result "1-0"]
[WhiteElo "2182"]
[BlackElo "2259"]
[PlyCount "33"]
[EventDate "2011.02.24"]
[EventType "tourn (corr)"]
[EventRounds "10"]
[EventCountry "GER"]
[SourceTitle "Corr 2015"]
[Source "ChessBase"]
[SourceDate "2015.07.17"]
[SourceVersion "1"]
[SourceVersionDate "2015.07.17"]
[SourceQuality "1"]

1. d4 Nf6 2. c4 e6 3. Nf3 b6 4. g3 Ba6 5. b3 Bb4+ 6. Bd2 Be7 7. Nc3 0-0 8. Bg2 c6 9. e4 d5 10. exd5 exd5 11. 0-0 dxc4 12. Re1 Re8 13. bxc4 Bxc4 14. Ne5 Qxd4 15. Bg5 Qxc3 16. Rc1 h6 17. Rxc3 1-0

[Event "BI-2010-F-00004"]
[Site "LSS email"]
[Date "2011.02.21"]
[Round "?"]
[White "Sadowski, Marek"]
[Black "Istomin, Sergei"]
[Result "1/2-1/2"]
[WhiteElo "2255"]
[BlackElo "2182"]
[PlyCount "115"]
[EventDate "2011.02.24"]
[EventType "tourn (corr)"]
[EventRounds "10"]
[EventCountry "GER"]
[SourceTitle "Telechess CBM 157"]
[Source "ChessBase"]
[SourceDate "2013.11.12"]
[SourceVersion "1"]
[SourceVersionDate "2013.11.12"]
[SourceQuality "1"]

1. e4 c5 2. Nf3 Nc6 3. Bb5 g6 4. 0-0 Bg7 5. Nc3 e5 6. d3 d6 7. Nd5 a6 8. Bc4 Nge7 9. a3 Nxd5 10. Bxd5 0-0 11. Be3 Qc7 12. c3 h6 13. b4 Ne7 14. Ba2 Kh7 15. bxc5 dxc5 16. Nd2 f5 17. f3 f4 18. Bf2 Rd8 19. Qc2 b6 20. a4 Rd6 21. Rfb1 Bd7 22. Bc4 Be8 23. Rb2 Bf6 24. Rab1 Kg7 25. Kh1 g5 26. h3 h5 27. Kg1 Bg6 28. Ba2 Rb8 29. Kh1 Bf7 30. Bxf7 Kxf7 31. Nc4 Re6 32. Rb3 Kg6 33. Qd1 Nc8 34. Qf1 Rc6 35. Qd1 Na7 36. R1b2 b5 37. axb5 Nxb5 38. Qe2 Rd8 39. Rb1 Qd7 40. Na5 Rd6 41. c4 Nd4 42. Bxd4 Rxd4 43. Nb7 Rc8 44. Kg1 Rc7 45. Kf2 Rc6 46. Qd1 Be7 47. Na5 Rcd6 48. Ke2 Kf7 49. Rb7 Qe6 50. R1b3 Rd7 51. Qa1 Rxb7 52. Rxb7 Rd7 53. Rxd7 Qxd7 54. Nb3 Qb7 55. Nd2 Bd6 56. Kd1 Qb6 57. Kc2 Bc7 58. Qa4 1/2-1/2